77 FAQs about God and the Bible / (Record no. 4753)

MARC details
000 -LEADER
fixed length control field 01057cam a22003134a 4500
001 - CONTROL NUMBER
control field 17083963
003 - CONTROL NUMBER IDENTIFIER
control field GBCCL
005 - DATE AND TIME OF LATEST TRANSACTION
control field 20241126110525.0
008 - FIXED-LENGTH DATA ELEMENTS--GENERAL INFORMATION
fixed length control field 111214s2012 oru b 000 0 eng
010 ## -
-- 2011050764
020 ## - INTERNATIONAL STANDARD BOOK NUMBER
International Standard Book Number 9780736949248 (pbk.)
040 ## - CATALOGING SOURCE
Original cataloging agency DLC
Transcribing agency DLC
Modifying agency DLC
042 ## -
-- pcc
050 00 -
-- BT103
-- .M325 2012
082 00 - DEWEY DECIMAL CLASSIFICATION NUMBER
Classification number 239
Edition information 23
Item number MCD
100 1# - MAIN ENTRY--PERSONAL NAME
Personal name McDowell, Josh.
9 (RLIN) 1225
245 10 - TITLE STATEMENT
Title 77 FAQs about God and the Bible /
Statement of responsibility, etc. Josh McDowell, Sean McDowell.
246 31 -
-- Seventy seven FAQs about God and the Bible
260 ## - PUBLICATION, DISTRIBUTION, ETC.
Place of publication, distribution, etc. Eugene, Or. :
Name of publisher, distributor, etc. Harvest House Publishers,
Date of publication, distribution, etc. c2012.
300 ## - PHYSICAL DESCRIPTION
Extent 230 p. ;
Dimensions 22 cm.
490 0# - SERIES STATEMENT
Series statement The McDowell apologetics library
504 ## - BIBLIOGRAPHY, ETC. NOTE
Bibliography, etc. note Includes bibliographical references (p. 229-230).
630 00 - SUBJECT ADDED ENTRY--UNIFORM TITLE
Uniform title Bible
Form subdivision Miscellanea.
9 (RLIN) 1583
650 #0 - SUBJECT ADDED ENTRY--TOPICAL TERM
Topical term or geographic name entry element God (Christianity)
Form subdivision Miscellanea.
9 (RLIN) 8674
700 1# - ADDED ENTRY--PERSONAL NAME
Personal name McDowell, Sean.
9 (RLIN) 8675
906 ## - LOCAL DATA ELEMENT F, LDF (RLIN)
a 7
b cbc
c orignew
d 1
e ecip
f 20
g y-gencatlg
942 ## - ADDED ENTRY ELEMENTS (KOHA)
Source of classification or shelving scheme Dewey Decimal Classification
Koha item type Books
Koha issues (borrowed), all copies 41
Holdings
Withdrawn status Lost status Source of classification or shelving scheme Damaged status Not for loan Home library Current Library Shelving location Date acquired Total checkouts Total renewals Full call number Barcode Date last seen Date last checked out Copy number Price effective from Koha item type
    Dewey Decimal Classification     GRACE BIBLE COLLEGE GRACE BIBLE COLLEGE Theology 2018-02-05 44 1 239 MCD 014537 2025-08-04 2025-07-21 c.1 2018-02-05 Books
© Grace Bible College Library 2025